000 00628nam a2200241 a 4500
999 _c5090
_d5090
001 5090
003 BD-JhCC
005 20191211134008.0
008 171207s n |||| || | 001 0 eng d
020 _a9780385531788
035 _a(BD-JhCC)5090
040 _aBD-JhCC
_dBD-JhCC
041 _aeng
082 _a241.4
_bMOT 2010
100 _aTeresa, Mother
245 _a Mother Teresa, Where There Is Love There is God /
_cMother Teresa,
260 _aNew York :
_bDoubleday Publishers,
300 _a362 p. :
_c21 cm.
650 _aChristian Life
650 _aLove- religious
942 _2ddc
_cBK
_03